000
00301nam a22001337a 4500
008
170815b xxu||||| |||| 00| 0 eng d
020
_a
9780201155853
041
_a
eng
080
_a
51
100
_a
36
101
_a
MAT
245
_a
DISCRETE ALGORITHMIC MATHEMATICS
_c
MAURER,S.B
942
_2
udc
_c
BK
999
_c
23574
_d
23574